| 000 | 00525nam a2200193Ia 4500 | ||
|---|---|---|---|
| 005 | 20260429112050.0 | ||
| 008 | 260429s9999||||xx |||||||||||||| ||und|| | ||
| 020 | _a9781836599531 | ||
| 041 | _aEnglish | ||
| 082 |
_a338.5 _bMAR |
||
| 100 | _aMartinez, David | ||
| 245 | 0 |
_aIntroduction to managerial economics / _cDavid Martinez |
|
| 250 | _a1st ed. | ||
| 260 |
_aLondon : _bETP ED- Tech Press, _c2025. |
||
| 300 | _axii, 275 p.; hb | ||
| 650 | _a Business economics | ||
| 650 | _aManagerial economics | ||
| 942 | _cTB | ||
| 999 |
_c52166 _d52166 |
||